[Event "Teberda op 07"]
[Site "Teberda"]
[Date "2014.07.31"]
[Round "9"]
[White "Soboleva, Anastasia"]
[Black "Oguzov, Shamil"]
[Result "0-1"]
[WhiteElo "1958"]
[BlackElo "2053"]
[PlyCount "35"]
[EventDate "2014.07.24"]
[EventType "swiss"]
[EventRounds "9"]
[EventCountry "RUS"]
[SourceTitle "EXT 2022"]
[Source "ChessBase"]
[SourceDate "2021.10.06"]
[SourceVersion "1"]
[SourceVersionDate "2021.10.06"]
[SourceQuality "1"]

1. e4 c5 2. Nf3 e6 3. d4 cxd4 4. Nxd4 Nf6 5. Nc3 a6 6. g4 h6 7. h3 Nc6 8. Be3 d6 9. Qd2 Qc7 10. 0-0-0 Bd7 11. f4 0-0-0 12. Kb1 Kb8 13. Nxc6+ Bxc6 14. Qd4 Nd7 15. Na4 Qa5 16. Nc3 Be7 17. Rh2 b6 18. e5 0-1

[Event "Teberda op 07"]
[Site "Teberda"]
[Date "2014.07.28"]
[Round "6"]
[White "Skripnikov, Velori"]
[Black "Soboleva, Anastasia"]
[Result "1/2-1/2"]
[WhiteElo "1773"]
[BlackElo "1958"]
[PlyCount "105"]
[EventDate "2014.07.24"]
[EventType "swiss"]
[EventRounds "9"]
[EventCountry "RUS"]
[SourceTitle "EXT 2022"]
[Source "ChessBase"]
[SourceDate "2021.10.06"]
[SourceVersion "1"]
[SourceVersionDate "2021.10.06"]
[SourceQuality "1"]

1. e4 e6 2. d4 b6 3. c4 Bb7 4. Nc3 Nf6 5. Bd3 Bb4 6. Qc2 d5 7. cxd5 exd5 8. e5 Ne4 9. Nge2 c5 10. a3 cxd4 11. axb4 dxc3 12. bxc3 Nd7 13. f3 Ng5 14. h4 Ne6 15. f4 Qe7 16. Be3 h6 17. Rh3 a6 18. Qd2 a5 19. Ng3 axb4 20. Rxa8+ Bxa8 21. cxb4 d4 22. Bg1 Bxg2 23. Nf5 Qf8 24. Qxg2 Qxb4+ 25. Qd2 Qxd2+ 26. Kxd2 Nxf4 27. Nd6+ Ke7 28. Rf3 Nxd3 29. Nf5+ Kf8 30. Rxd3 Nxe5 31. Rg3 d3 32. Bd4 f6 33. Bxe5 fxe5 34. Rxg7 Rg8 35. Rxg8+ Kxg8 36. Kxd3 Kf7 37. Ke4 Kg6 38. Ng3 b5 39. Kxe5 b4 40. Kf4 b3 41. h5+ Kf6 42. Ne4+ Kg7 43. Ke5 b2 44. Nc3 Kf7 45. Kf5 Kg7 46. Ke6 Kg8 47. Kf6 Kh7 48. Kf7 Kh8 49. Kg6 Kg8 50. Nb1 Kh8 51. Kxh6 Kg8 52. Kg6 Kh8 53. h6 1/2-1/2

[Event "Voronezh Rating op 10"]
[Site "Voronezh"]
[Date "2013.10.05"]
[Round "4"]
[White "Soboleva, Anastasia"]
[Black "Mukhametshin, Mikhail"]
[Result "0-1"]
[WhiteElo "1993"]
[BlackElo "1924"]
[PlyCount "84"]
[EventDate "2013.10.02"]
[EventType "swiss"]
[EventRounds "7"]
[EventCountry "RUS"]
[SourceTitle "EXT 2015"]
[Source "ChessBase"]
[SourceDate "2014.11.20"]
[SourceVersion "1"]
[SourceVersionDate "2014.11.20"]
[SourceQuality "1"]

1. e4 e6 2. d4 d5 3. Nc3 Nf6 4. Bg5 Bb4 5. e5 h6 6. Bd2 Bxc3 7. bxc3 Ne4 8. Qg4 g6 9. Bd3 h5 10. Qf4 Nxd2 11. Kxd2 c5 12. Nf3 Nc6 13. h4 Qe7 14. a3 cxd4 15. cxd4 Qc7 16. Ng5 f5 17. c3 Bd7 18. Qg3 Ne7 19. Rhb1 Rc8 20. Bb5 0-0 21. Nh3 Kh7 22. Nf4 Rf7 23. Rb3 b6 24. a4 Rg8 25. Rh1 Bc8 26. Rh3 Nc6 27. Qg5 Na5 28. Rb4 Qe7 29. Qg3 Qc7 30. Qf3 a6 31. Be2 Nc6 32. Rb1 Rgg7 33. Bxa6 Bxa6 34. Nxe6 Nxe5 35. dxe5 Qc4 36. Rb2 Re7 37. Nxg7 Rxe5 38. Qd1 Re2+ 39. Kc1 Qf4+ 40. Kb1 Qe4+ 41. Ka2 Bc4+ 42. Ka3 Qe7+ 0-1

[Event "Voronezh Winter"]
[Site "Voronezh"]
[Date "2013.01.29"]
[Round "9"]
[White "Soboleva, Anastasia"]
[Black "Provkin, Vladimir"]
[Result "1/2-1/2"]
[WhiteElo "1874"]
[BlackElo "2181"]
[PlyCount "46"]
[EventDate "2013.01.18"]
[EventType "tourn"]
[EventRounds "9"]
[EventCountry "RUS"]
[SourceTitle "EXT 2014"]
[Source "ChessBase"]
[SourceDate "2013.11.20"]
[SourceVersion "1"]
[SourceVersionDate "2013.11.20"]
[SourceQuality "1"]

1. e4 c5 2. c3 d5 3. exd5 Qxd5 4. d4 cxd4 5. cxd4 Nc6 6. Nf3 e5 7. Nc3 Bb4 8. Bd2 Bxc3 9. Bxc3 e4 10. Ne5 Nxe5 11. dxe5 Ne7 12. Qe2 0-0 13. Rd1 Qxa2 14. Qxe4 Bf5 15. Qxb7 Rad8 16. Qxe7 Rxd1+ 17. Kxd1 Qb1+ 18. Kd2 Qc2+ 19. Ke1 Qb1+ 20. Kd2 Qc2+ 21. Ke3 Qe4+ 22. Kd2 Qc2+ 23. Ke1 Qb1+ 1/2-1/2